00488nam a2200169 i 450000100060000000300090000600500170001500700030003200800410003510000230007624500950009925000120019426000340020630000200024070000350026085200230029545542ES-MaACL20230906161232.0t|030326s1921 py ||||1| spa d1 aColman, Narciso R.10aOcara Potÿ b: (flores silvestres) / cNarciso R. Colman ; prólogo de Juan E. O'Leary. a2ª ed. aAsunción : bAriel, c1921. a2 v. ; c18 cm.1 aO'Leary, Juan E. (d1879-1969) aES-MaACLjF-427-28